| 000 | 00930nam a2200241 a 4500 | ||
|---|---|---|---|
| 001 | 000024141 | ||
| 005 | 20200930022743.0 | ||
| 008 | 110119s1997 sp r 000 f spa d | ||
| 020 | _a8420634050 | ||
| 040 |
_aDO-SdBNP _bspa _cBNPHU |
||
| 041 | 1 | 7 |
_aspa _heng _2Código de idioma MARC |
| 082 |
_aNNN _bR573a |
||
| 100 | 1 |
_aRilke, Rainer María, _d1875-1926. _92953 |
|
| 240 | 1 | 0 |
_aDie aufzeichnungen des malte Laurids brigge. _lEspañol. |
| 245 | 1 | 0 |
_aLos apuntes de Malte Laurisds Bridge / _cRainer María Rilke ; traducción de Francisco Ayala. |
| 260 |
_aMadrid : _bAlianza Editorial, _c1997. |
||
| 300 |
_a212 p. ; _c18 cm. |
||
| 490 | 1 |
_aEl libro de bolsillo _aliteratura. Contemporáneos _v5502 |
|
| 534 |
_aTítulo original. _tDie aufzeichnungen des malte Laurids brigge |
||
| 700 | 1 |
_aAyala, Francisco Javier de _etr. _931481 |
|
| 830 | 0 |
_aEl libro de bolsillo ; _pliteratura. Contemporáneos _v5502 _949569 |
|
| 049 | _aBNGR | ||
| 999 |
_c23635 _d23635 |
||